Very difficult: Name 101 Cars - Statistics

General Stats
  • This quiz has been taken 35 times
  • The average score is 28 of 101
Answer Stats
Picture Answer % Correct
Lamborghini Countach
73%
Volkswagen Golf
70%
Ford Mustang
60%
Audi A4
57%
Ford Fiesta
57%
Porsche Taycan
57%
BMW X1
53%
Audi A2
47%
BMW i3
47%
Honda Pilot
47%
Hyundai Ioniq 5
47%
Porsche 928
47%
Saab 9-3
47%
Aston Martin DBX
43%
Audi A7
43%
Ferrari FF
43%
Honda e
43%
Suzuki Swift
43%
Toyota RAV4
43%
Volkswagen Polo
43%
Volkswagen Tiguan
43%
Ford Ka
40%
Holden Commodore
40%
Honda Accord
40%
Lamborghini Revuelto
40%
Porsche Macan
40%
Renault Clio
40%
Toyota Hilux
40%
Volkswagen Phaeton
40%
Volvo S90
40%
Bentley Mulsanne
37%
Fiat 600
37%
Hyundai Kona
37%
Hyundai Santa Fe
37%
Jaguar XE
37%
McLaren Artura
37%
Alfa Romeo Brera
33%
Citroën C1
33%
Nissan Sentra
33%
BYD Seal
30%
Chevrolet Equinox
30%
Chrysler Voyager
30%
Lincoln Continental
30%
Mercedes-Benz CLA
30%
Mercedes-Benz EQE
30%
Volkswagen T-Cross
30%
Volvo C30
30%
Cadillac Fleetwood
27%
Chevrolet Colorado
27%
Mazda RX-7
27%
Peugeot 406
27%
Zenvo ST1
27%
Acura MDX
23%
Alfa Romeo Junior
23%
Cadillac ELR
23%
Chrysler 200
23%
Maybach 62
23%
Chevrolet Corvair
20%
GMC Terrain
20%
Lancia Thema
20%
Renault Talisman
20%
Subaru Tribeca
20%
Chevrolet Malibu
17%
Infiniti QX50
17%
Kia K4
17%
Mercury Cougar
17%
Nissan Primera
17%
Oldsmobile Aurora
17%
Renault Kwid
17%
Tatra 87
17%
Toyota Avalon
17%
Toyota Crown
17%
VinFast VF 8
17%
Ford Thunderbird
13%
Genesis GV80
13%
Lucid Gravity
13%
Opel Karl
13%
Acura ILX
10%
Borgward Isabella
10%
Cadillac DTS
10%
Chery Arrizo 8
10%
Dacia Bigster
10%
Dodge Dart
10%
Infiniti Q45
10%
Isuzu MU-X
10%
Lexus RZ
10%
Nissan Fuga
10%
Opel Diplomat
10%
Rover 200
10%
Buick Envision
7%
Geely Boyue
7%
Geometry M6
7%
Honda N-Box
7%
Hongqi HS5
7%
Lexus LM
7%
Mahindra Thar
7%
Proton X70
7%
Samsung SM7
7%
Tata Nexon
7%
XPeng G6
7%
Saipa Sahand
3%
No matching quizzes found
Score Distribution
Percent of People with Each Score
Percentile by Number Answered
Your Score History
You have not taken this quiz